Dúos míticos #1 - Estadísticas

Estadísticas generales
  • Esta prueba ha sido intentada 2.228 veces
    2.210 desde el último reinicio
  • La puntuación promedio es 21 de 30
Estadísticas de respuestas
Imagen Respuesta % Correcto
Bob Esponja
99%
Mario
99%
Luigi
97%
Patricio Estrella
97%
Pikachu
97%
Ariel
94%
Sonic
92%
Rayo McQueen
89%
Goku
87%
Rocky Balboa
78%
Michael Jordan
76%
Ash
75%
Finn el Humano
75%
Mike Wazowski
75%
Chewbacca
74%
Vegeta
74%
Jake el Perro
73%
Mate
72%
Dama
70%
Han Solo
70%
Vagabundo
69%
Sullivan
62%
Mordecai
58%
Rigby
56%
Rachel
52%
Monica
47%
Tails
37%
Apollo Creed
34%
Scottie Pippen
34%
Flounder
25%
No se encontraron pruebas coincidentes
Distribución de puntuación
Porcentaje de gente con cada puntuación
Porcentaje por número respondido
Historial de tus puntuaciones
No has intentado esta prueba desde el último reinicio